Представление документа в формате MARC21

Поле Инд. ПП Название Значение
Тип записи a
Библиографический уровень b
001 Контрольный номер RU/IS/BASE/475934152
005 Дата корректировки 20200601191449.3
008 Кодируемые данные 20150130
040 b Код языка каталог. rus
e Правила каталог. PSBO
041 0_ a Код языка текста rus
084 a Индекс другой классификации/Индекс ББК 60.8; 65.050; 65.054.1
100 1_ a Автор Ильина И. Н.
q Полное имя Ильина Ирина Николаевна
245 a Заглавие Перспективы развития сырьевых регионов РФ в документах стратегического планирования
504 a Библиография Лит.: с. 101 - 102
520 a Аннотация Рассматриваются проблемы и приоритеты перспективного развития сырьевых регионов РФ., стратегии социально-экономического развития на период до 2025 - 2030 гг. с целью анализа экономического роста и диверсификации экономики регионов в условиях сокращения добычи полезных ископаемых. Практически все регионы решают задачу модернизации экономики, однако не предлагают для этого адекватных механизмов. Высказано предположение о необходимости повышения роли государственной региональной политики для обеспечения устойчивого развития сырьевых регионов.
650 a Основная рубрика социальное управление
a Основная рубрика управление экономикой
a Основная рубрика экономика
a Основная рубрика экономическое планирование
653 a Ключевые слова валовая добавленная стоимость
a Ключевые слова государственная власть
a Ключевые слова государственная политика
a Ключевые слова государственное регулирование экономики
a Ключевые слова государственное управление
a Ключевые слова диверсификация
a Ключевые слова добыча газа
a Ключевые слова добыча нефти
a Ключевые слова Концепция долгосрочного социально-экономического развития России на период до 2020 г.
a Ключевые слова перспективное планирование
a Ключевые слова региональная экономика
a Ключевые слова региональное развитие
a Ключевые слова регионы России
a Ключевые слова Россия
a Ключевые слова социально-экономическая политика
a Ключевые слова социально-экономическое развитие
a Ключевые слова топливно-сырьевые регионы
a Ключевые слова управление развитием
a Ключевые слова управление регионами
a Ключевые слова устойчивое развитие
a Ключевые слова экономический рост
773 t Заглавие источника Вопросы государственного и муниципального управления
d Дата издания источника 2013
g Прочая информация № 2. - С. 83 - 102 : 7 табл., 2 диагр., 2 граф., рис.
w Контрольный № источника RU/IS/BASE/427907371
901 t Тип документа b